| 000 -LEADER |
| fixed length control field |
00605cam a2200193 4500 |
| 020 ## - INTERNATIONAL STANDARD BOOK NUMBER |
| ISBN |
0486227294 (pbk) |
| 040 ## - CATALOGING SOURCE |
| Transcribing agency |
DLC |
| 082 00 - DEWEY DECIMAL CLASSIFICATION NUMBER |
| Classification number |
519 DOV 1971 A059 Or. |
| 100 1# - MAIN ENTRY--AUTHOR NAME |
| Personal name |
Langley, Russell. |
| 245 10 - TITLE STATEMENT |
| Title |
Practical statistics simply explained. |
| 250 ## - EDITION STATEMENT |
| Edition statement |
Rev. ed. |
| 260 ## - PUBLICATION, DISTRIBUTION, ETC. (IMPRINT) |
| Place of publication |
New York, |
| Name of publisher |
Dover Publications |
| Year of publication |
[1971, c1970] |
| 300 ## - PHYSICAL DESCRIPTION |
| Number of Pages |
ix, 399 p. |
| Other physical details |
illus. |
| Dimensions |
22 cm. |
| 500 ## - GENERAL NOTE |
| General note |
1968 ed. has title: Practical statistics for non-mathematical people. |
| 650 #0 - SUBJECT ADDED ENTRY--TOPICAL TERM |
| Topical Term |
Statistics. |
| 650 #0 - SUBJECT ADDED ENTRY--TOPICAL TERM |
| Topical Term |
Probabilities. |
| 856 42 - ELECTRONIC LOCATION AND ACCESS |
| Uniform Resource Identifier |
http://www.loc.gov/catdir/description/dover032/77145771.html |
| 942 ## - ADDED ENTRY ELEMENTS (KOHA) |
| Koha item type |
សៀវភៅភាសាអង់គ្លេស |
| 952 ## - LOCATION AND ITEM INFORMATION (KOHA) |
| Withdrawn status [LOCAL, KOHA] |
0 |